Obras / (Record no. 129772)

MARC details
000 -LEADER
campo de control de longitud fija 02129nam a2200277 i 4500
001 - NÚMERO DE CONTROL
campo de control 129772
003 - IDENTIFICADOR DE NÚMERO DE CONTROL
campo de control ES-MaACL
005 - FECHA Y HORA DE LA ÚLTIMA TRANSACCIÓN
campo de control 20250803063056.0
007 - CAMPO FIJO DE DESCRIPCIÓN FÍSICA--INFORMACIÓN GENERAL
campo de control de longitud fija t|
008 - DATOS DE LONGITUD FIJA--INFORMACIÓN GENERAL
campo de control de longitud fija 060703m20069999sp ||||0| spa d
020 ## - NÚMERO INTERNACIONAL ESTÁNDAR DEL LIBRO
Número Internacional Estándar del Libro 84-96258-61-0
040 ## - FUENTE DE CATALOGACIÓN
Centro catalogador/agencia de origen M-BN
Lengua de catalogación spa
Centro/agencia transcriptor M-BN
080 ## - NÚMERO DE LA CLASIFICACIÓN DECIMAL UNIVERSAL
Número de la Clasificación Decimal Universal 1(081) Benjamin, Walter
100 1# - ENTRADA PRINCIPAL--NOMBRE DE PERSONA
Nombre de persona Benjamin, Walter,
Fechas asociadas al nombre 1892-1940
9 (RLIN) 241507
240 10 - TÍTULO UNIFORME
Título uniforme Gesammelte Schriften.
Lenguaje de la obra Español.
Subencabezamiento de forma Selección
245 10 - MENCIÓN DEL TÍTULO
Título Obras /
Mención de responsabilidad, etc. Walter Benjamin ; edición de Rolf Tiedemann y Hermann Schweppenhèauser, con la colaboración de Theodor W. Adorno y Gershom Scholem ; edición española al cuidado de Juan Barja, Félix Duque y Fernando Guerrero ; [traducción, Alfredo Brotons Muñoz].
260 ## - PUBLICACIÓN, DISTRIBUCIÓN, ETC.
Lugar de publicación, distribución, etc. Madrid :
Nombre del editor, distribuidor, etc. Abada,
Fecha de publicación, distribución, etc. 2006-<2010>
300 ## - DESCRIPCIÓN FÍSICA
Extensión v. <1, pte. 1-2; 2, pte. 1-2 ; 4 pte. 1-2> ;
Dimensiones 21 cm.
505 8# - NOTA DE CONTENIDO CON FORMATO
Nota de contenido con formato Contiene: libro 1, pte. 1. El concepto de crítica de arte en el Romanticismo alemán; "Las afinidades electivas" de Goethe; El origen del Trauerspiel alemán (459 p.)-- libro 1, pte. 2. La obra de arte en la época de su reproductibilidad técnica; Charles Baudelaire, un lírico en la época del altocapitalismo; Sobre el concepto de Historia (364 p.) -- libro 2, pte. 1. Primeros trabajos de crítica de la educación y de la cultura; Estudios metafísicos y de filosofía de la historia; Ensayos estéticos y literarios (424 p.) -- libro 2, pte.2. Ensayos estéticos y literarios (cont.) ; Fragmentos estéticos ; Conferencias y discursos ; Artículos de enciclopedia ; Artículos de política cultural (436 p.) -- libro 4, parte 1. Charles Baudelaire, "Tableaux parisiens" ; Calle de dirección única ; Alemanes ; Infancia en Berlín hacia mil novecientos ; Imágenes que piensan ; Sátiras, polémicas, glosas ; Reportajes (566 p.) - libro 4, parte 2. Artículos ilustrados ; Modelos de audición ; Historias y relatos ; Miscelánea (298 p.)
700 1# - ENTRADA AGREGADA--NOMBRE PERSONAL
Nombre de persona Tiedemann, Rolf.
9 (RLIN) 110227
700 1# - ENTRADA AGREGADA--NOMBRE PERSONAL
Nombre de persona Schweppenhèauser, Hermann.
9 (RLIN) 132584
700 1# - ENTRADA AGREGADA--NOMBRE PERSONAL
Nombre de persona Brotons Muñoz, Alfredo.
9 (RLIN) 31954
852 ## - LOCALIZACIÓN
Ubicación ES-MaACL
Número de control de estantería P-1994
Sublocalización o colección R.137902
Holdings
Estatus retirado Estado de pérdida Estado de daño No para préstamo Biblioteca de origen Biblioteca actual Ubicación en estantería Fecha de adquisición Fuente de adquisición Total de préstamos Signatura topográfica completa Código de barras Visto por última vez Precio de reemplazo Tipo de ítem Koha
        Biblioteca del Ateneo de Madrid Biblioteca del Ateneo de Madrid Depósito 2 17/01/2008     P-1994 1135127 23/02/2023 23/02/2023 Libro impreso